LIBRARY ONLINE CATALOGUE

Transnational law & contemporary problems : (Record no. 8858)

MARC details
000 -LEADER
fixed length control field 00634cam a22002412 4500
001 - CONTROL NUMBER
control field 0000019176
005 - DATE AND TIME OF LATEST TRANSACTION
control field 20151217152147.0
008 - FIXED-LENGTH DATA ELEMENTS--GENERAL INFORMATION
fixed length control field 101018s xx 000 0 eng d
020 ## - INTERNATIONAL STANDARD BOOK NUMBER
International Standard Book Number
040 ## - CATALOGING SOURCE
Original cataloging agency KABU
Transcribing agency KABU
100 1# - MAIN ENTRY--PERSONAL NAME
Personal name
245 10 - TITLE STATEMENT
Title Transnational law & contemporary problems :
Remainder of title a journal of the University of Iowa College of Law /
Statement of responsibility, etc.
250 ## - EDITION STATEMENT
Edition statement
260 ## - PUBLICATION, DISTRIBUTION, ETC. (IMPRINT)
Place of publication, distribution, etc. Iowa City :
Name of publisher, distributor, etc. University of Iowa College of Law,
Date of publication, distribution, etc. 2000.
300 ## - PHYSICAL DESCRIPTION
Extent
500 ## - GENERAL NOTE
General note Photocopy (part).
505 8# - FORMATTED CONTENTS NOTE
Formatted contents note Volume 10 Fall 2000 no. 2.
650 #0 - SUBJECT ADDED ENTRY--TOPICAL TERM
Topical term or geographic name as entry element
Geographic subdivision
700 1# - ADDED ENTRY--PERSONAL NAME
Personal name
700 1# - ADDED ENTRY--PERSONAL NAME
Personal name
908 ## - PUT COMMAND PARAMETER (RLIN)
Put command parameter 101018
Holdings
Withdrawn status Lost status Source of classification or shelving scheme Not for loan Home library Current library Date acquired Total Checkouts Full call number Barcode Date last seen Price effective from Koha item type
    Library of Congress Classification   Kabarak, Main Campus Kabarak, Main Campus 17/12/2015   LAW6 17/12/2015 17/12/2015 General Collection